000 00745cam a2200265L 4500
001 87273
005 20230411090045.0
008 091126s1979 xxu 000 u eng d
035 _a(OCoLC)ocn470559392
040 _aDKDLA
_bdan
_cDKDLA
020 _a1565048210
020 _a9781565048218
029 0 _aDKDLA
_b22735992
035 _a(OCoLC)470559392
049 _aGRAL
245 0 4 _aThe road to science fiction :
_bfrom Heinlein to here /
_ced. by James Gunn.
260 _aClarkston :
_bWhite Wolf,
_c1979.
300 _axxvii, 527 s.
490 1 _aThe road to science fiction ;
_v3
700 1 _aGunn, James,
_d1923-.
830 4 _aThe road to science fiction ;
_v3.
942 _2lcc
_cbk
994 _aC0
_bDRFGD
946 _ardc
999 _c111725
_d111725